El marketing según Kotler : cómo crear, ganar y dominar los mercados /
Guardado en:
| Autor Principal: | |
|---|---|
| Formato: | Libro |
| Idioma: | Spanish English |
| Publicado: |
Buenos Aires :
Paidós,
c1999.
|
| Series: | Paidós empresa ;
67. |
| Materias: | |
| Etiquetas: |
Agregar Etiqueta
Sin Etiquetas, Sea el primero en etiquetar este registro!
|
| LEADER | 00865nam a22002415a 4500 | ||
|---|---|---|---|
| 001 | EAD.ead001038 | ||
| 008 | 071011s1999####ag#######b####001#0#spa#d | ||
| 005 | 20101117175222.0 | ||
| 245 | 1 | 3 | |a El marketing según Kotler : |b cómo crear, ganar y dominar los mercados / |c Philip Kotler. |
| 260 | |a Buenos Aires : |b Paidós, |c c1999. | ||
| 300 | |a 303 p. ; |c 22 cm. | ||
| 490 | 0 | |a Paidós empresa ; |v 67 | |
| 500 | |a Traducción de: Kotler on marketing: how to create, win, and dominate markets. | ||
| 504 | |a Incluye referencias bibliográficas e índices. | ||
| 020 | |a 9501210677 | ||
| 100 | 1 | |a Kotler, Philip. | |
| 830 | 0 | |a Paidós empresa ; |v 67. | |
| 082 | 0 | 4 | |a 658.83 |2 21 |
| 650 | 7 | |a Marketing. |2 isoc | |
| 650 | 7 | |a Marketing-mix. |2 isoc | |
| 650 | 7 | |a Comercio electrónico. |2 unbist | |
| 041 | 1 | |a spa |h eng | |
| 859 | |a AR-BaBDC |b BIB. ADMINISTRACION - Libros |h 658.83 |i K848-4 |p b04293 | ||
